25 Największych Miast Francji, Hiszpanii i Włoch na Mapie - Statystyki

Ogólne statystyki
  • Ten quiz został rozwiązany 49 razy
  • Średni wynik to 22 z 25
Odpowiedzi na mapie
Odpowiedzi zakodowano w zielono-czerwonej skali na mapie do tego quizu, zgodnie z poniższymi procentami.
 
Statystyki odpowiedzi
Państwo Miasto Populacja % Poprawnych
Hiszpania Barcelona 1,7 mln
100%
Francja Lyon 520k
100%
Hiszpania Madryt 3,4 mln
100%
Francja Marsylia 880k
100%
Włochy Mediolan 1,3 mln
100%
Włochy Neapol 900k
100%
Francja Paryż 2,1 mln
100%
Włochy Rzym 2,7 mln
100%
Włochy Turyn 850k
100%
Włochy Florencja 360k
95%
Hiszpania Sewilla 690k
95%
Hiszpania Walencja 820k
95%
Hiszpania Bilbao 350k
90%
Francja Nicea 350k
90%
Włochy Palermo 620k
90%
Włochy Genua 560k
87%
Włochy Bolonia 390k
85%
Hiszpania Malaga 590k
82%
Hiszpania Saragossa 690k
82%
Hiszpania Palma 440k
77%
Francja Tuluza 510k
77%
Francja Nantes 325k
69%
Hiszpania Murcja 470k
62%
Hiszpania Alicante 360k
56%
Hiszpania Kordoba 325k
51%
Nie znaleziono quizów pasujących do podanych kryteriów
Rozkład punktacji
Procent ludzi z każdym wynikiem
Percentyl według liczby udzielonych odpowiedzi
Twoja historia wyników
Nie rozwiązałeś tego quizu